NBA Players By Letter - B - Statistics

General Stats
  • This quiz has been taken 370 times
  • The average score is 24 of 43
Answer Stats
First Name Surname Team % Correct
Jimmy Butler Chicago Bulls
91%
Anthony Brown New Orleans Pelicans
88%
Jaylen Brown Boston Celtics
88%
Harrison Barnes Dallas Mavericks
86%
Matt Barnes Sacramento Kings
86%
Devin Booker Phoenix Suns
86%
Trevor Booker Brooklyn Nets
86%
Bradley Beal Washington Wizards
83%
Avery Bradley Boston Celtics
77%
Malcolm Brogdon Milwaukee Bucks
77%
Bojan Bogdanovic Brooklyn Nets
76%
Nicolas Batum Charlotte Hornets
75%
J.J. Barea Dallas Mavericks
70%
Malik Beasley Denver Nuggets
69%
Michael Beasley Milwaukee Bucks
69%
Bismack Biyombo Orlando Magic
69%
Will Barton Denver Nuggets
65%
Leandro Barbosa Phoenix Suns
63%
Kent Bazemore Atlanta Hawks
61%
Patrick Beverley Houston Rockets
61%
Alec Burks Utah Jazz
59%
Dragan Bender Phoenix Suns
54%
Marco Belinelli Charlotte Hornets
52%
Trey Burke Washington Wizards
52%
Eric Bledsoe Phoenix Suns
51%
Chris Bosh Miami Heat
51%
Corey Brewer Houston Rockets
49%
Reggie Bullock Detroit Pistons
47%
Aron Baynes Detroit Pistons
43%
Nemanja Bjelica Minnesota Timberwolves
41%
Davis Bertans San Antonio Spurs
40%
Jerryd Bayless Philadelphia 76ers
39%
Andrew Bogut Dallas Mavericks
39%
Tarik Black Los Angeles Lakers
37%
Brandon Bass Los Angeles Clippers
34%
DeAndre' Bembry Atlanta Hawks
32%
Ron Baker New York Knicks
31%
Anthony Bennett Brooklyn Nets
31%
Aaron Brooks Indiana Pacers
25%
Luke Babbitt Miami Heat
23%
Wade Baldwin Memphis Grizzlies
17%
Joel Bolomboy Utah Jazz
5%
Nicolas Brussino Dallas Mavericks
3%
No matching quizzes found
Score Distribution
Percent of People with Each Score
Percentile by Number Answered
Your Score History
You have not taken this quiz